Le capital / (Record no. 131125)

MARC details
000 -LEADER
campo de control de longitud fija 00517nam a2200169 4500
001 - NÚMERO DE CONTROL
campo de control 131125
003 - IDENTIFICADOR DE NÚMERO DE CONTROL
campo de control ES-MaACL
005 - FECHA Y HORA DE LA ÚLTIMA TRANSACCIÓN
campo de control 20230906193923.0
007 - CAMPO FIJO DE DESCRIPCIÓN FÍSICA--INFORMACIÓN GENERAL
campo de control de longitud fija t|
008 - DATOS DE LONGITUD FIJA--INFORMACIÓN GENERAL
campo de control de longitud fija 070214s1904 fr r ||||1| fre d
100 1# - ENTRADA PRINCIPAL--NOMBRE DE PERSONA
Nombre de persona Rodbertis-Jagetzow, Carl.
9 (RLIN) 98101
245 13 - MENCIÓN DEL TÍTULO
Título Le capital /
Mención de responsabilidad, etc. Carl Rodbertis-Jagetzow ; traduit de l'allemand , avec une preface par E. Chatelain.
260 ## - PUBLICACIÓN, DISTRIBUCIÓN, ETC.
Lugar de publicación, distribución, etc. Paris :
Nombre del editor, distribuidor, etc. Saint Amand,
Fecha de publicación, distribución, etc. 1904.
300 ## - DESCRIPCIÓN FÍSICA
Extensión XLII, 296 p. ;
Dimensiones 23 cm.
700 1# - ENTRADA AGREGADA--NOMBRE PERSONAL
Nombre de persona Chatelain, E.
9 (RLIN) 38181
852 ## - LOCALIZACIÓN
Ubicación ES-MaACL
Número de control de estantería F-14139
Holdings
Estatus retirado Estado de pérdida Estado de daño No para préstamo Biblioteca de origen Biblioteca actual Ubicación en estantería Fecha de adquisición Fuente de adquisición Total de préstamos Signatura topográfica completa Código de barras Visto por última vez Precio de reemplazo Tipo de ítem Koha
        Biblioteca del Ateneo de Madrid Biblioteca del Ateneo de Madrid Sala Pecera Planta 2 17/01/2008     F-14139 1136516 23/02/2023 23/02/2023 Libro impreso